Normal view
MARC view
Entry Personal Name
001 - CONTROL NUMBER
- control field: 612816
003 - CONTROL NUMBER IDENTIFIER
- control field: OSt
005 - DATE AND TIME OF LATEST TRANSACTION
- control field: 20221005083807.0
008 - FIXED-LENGTH DATA ELEMENTS
- fixed length control field: 221005|| aca||aabn | a|a d
040 ## - CATALOGING SOURCE
- Original cataloging agency: OSt
- Transcribing agency: OSt
100 ## - HEADING--PERSONAL NAME
- Personal name: Rajaram Navaratna S
670 ## - SOURCE DATA FOUND
- Source citation: Work cat.: (OSt)991536: Rajaram Navaratna S, Vedic aryans and the origins of civilization , 2001
